Logo CIB grande

DIRECCION DE LA PRODUCCION: DECISIONES TACTICAS (Registro nro. 222407)

Detalles MARC
000 -LEADER
campo de control de longitud fija 01019nam a2200301Ia 4500
005 - FECHA Y HORA DE LA ÚLTIMA TRANSACCIÓN
campo de control 20250425162113.0
008 - DATOS DE LONGITUD FIJA--INFORMACIÓN GENERAL
campo de control de longitud fija 250425s9999 xx 000 0 und d
020 ## - NÚMERO INTERNACIONAL ESTÁNDAR DEL LIBRO
Número Internacional Estándar del Libro 8420530360
041 ## - CÓDIGO DE IDIOMA
Código de lengua del texto/banda sonora o título independiente spa
043 ## - CÓDIGO DE ÁREA GEOGRÁFICA
Código de área geográfica sp
082 ## - NÚMERO DE LA CLASIFICACIÓN DECIMAL DEWEY
Número de clasificación 658.5
010 ## - NÚMERO DE CONTROL DE LA BIBLIOTECA DEL CONGRESO
Número de control de LC 50371
100 ## - ENTRADA PRINCIPAL--NOMBRE DE PERSONA
Nombre de persona JAY HEIZER
245 #0 - MENCIÓN DEL TÍTULO
Título DIRECCION DE LA PRODUCCION: DECISIONES TACTICAS
250 ## - MENCION DE EDICION
Mención de edición 6A ED.
260 ## - PUBLICACIÓN, DISTRIBUCIÓN, ETC.
Lugar de publicación, distribución, etc. España
Nombre del editor, distribuidor, etc. PEARSON EDUCACION S.A.
Fecha de publicación, distribución, etc. 2001
260 ## - PUBLICACIÓN, DISTRIBUCIÓN, ETC.
Lugar de publicación, distribución, etc. MADRID
300 ## - DESCRIPCIÓN FÍSICA
Extensión 494
500 ## - NOTA GENERAL
Nota general INCLUYE 01 CD
500 ## - NOTA GENERAL
Nota general Título Traducido: OPERATIONS MANAGEMENT
520 ## - RESUMEN, ETC.
Sumario, etc. ESTE LIBRO CONTIENE: -OPERACIONES DE DIRECCION:DIRECCION DE LA CADENA DE SUMINISTRO. COMERCIO ELECTR4ONICO Y DIRECCION DE OPERACIONES. GESTION DEL INVENTARIO. SISTEMAS JUST IN TIME. PLANIFICACION AGREGADA. PLANIFICAION DE NECESIDADES DE MATERIALES (
650 ## - PUNTO DE ACCESO ADICIONAL DE MATERIA--TÉRMINO DE MATERIA
Término de materia o nombre geográfico como elemento de entrada COMERCIO ELECTRONICO
650 ## - PUNTO DE ACCESO ADICIONAL DE MATERIA--TÉRMINO DE MATERIA
Término de materia o nombre geográfico como elemento de entrada GESTION DE LA PRODUCCION
650 ## - PUNTO DE ACCESO ADICIONAL DE MATERIA--TÉRMINO DE MATERIA
Término de materia o nombre geográfico como elemento de entrada SIMULACION
650 ## - PUNTO DE ACCESO ADICIONAL DE MATERIA--TÉRMINO DE MATERIA
Término de materia o nombre geográfico como elemento de entrada TOMA DE DECISIONES
700 ## - ENTRADA AGREGADA--NOMBRE PERSONAL
Nombre de persona YAGO MORENO LOPEZ
Término indicativo de función/relación traductor
942 ## - ELEMENTOS DE ENTRADA SECUNDARIOS (KOHA)
Tipo de ítem Koha Libros
Existencias
Estatus retirado Estado de pérdida Estado de daño No para préstamo Biblioteca de origen Biblioteca actual Fecha de adquisición Coste, precio normal de compra Total de préstamos Código de barras Copia número Tipo de ítem Koha Ubicación en estantería Nota pública
        CENTRO DE INFORMACIÓN BIBLIOTECARIA CENTRO DE INFORMACIÓN BIBLIOTECARIA 27/07/2005 23.00   48126 1 Libros    
        CENTRO DE INFORMACIÓN BIBLIOTECARIA CENTRO DE INFORMACIÓN BIBLIOTECARIA 27/07/2005 23.00   48127 2 Libros    
        CENTRO DE INFORMACIÓN BIBLIOTECARIA CENTRO DE INFORMACIÓN BIBLIOTECARIA 27/07/2005 23.00   48128 3 Libros    
        CENTRO DE INFORMACIÓN BIBLIOTECARIA CENTRO DE INFORMACIÓN BIBLIOTECARIA 19/08/2005 23.00   48904 4 Libros    
        CENTRO DE INFORMACIÓN BIBLIOTECARIA CENTRO DE INFORMACIÓN BIBLIOTECARIA 19/08/2005 23.00   48905 5 Libros    
        CENTRO DE INFORMACIÓN BIBLIOTECARIA CENTRO DE INFORMACIÓN BIBLIOTECARIA 19/08/2005 23.00   48906 6 Libros    
        CENTRO DE INFORMACIÓN BIBLIOTECARIA CENTRO DE INFORMACIÓN BIBLIOTECARIA 19/08/2005 23.00   48907 7 Libros    
        CENTRO DE INFORMACIÓN BIBLIOTECARIA CENTRO DE INFORMACIÓN BIBLIOTECARIA 19/08/2005 23.00   48908 8 Libros    
        CENTRO DE INFORMACIÓN BIBLIOTECARIA CENTRO DE INFORMACIÓN BIBLIOTECARIA 19/08/2005 23.00   48909 9 Libros    
        CENTRO DE INFORMACIÓN BIBLIOTECARIA CENTRO DE INFORMACIÓN BIBLIOTECARIA 19/08/2005 23.00   48910 10 Libros    
        ESCUELA DE NEGOCIOS ESCUELA DE NEGOCIOS 14/07/2008 54.00   CP-13343 13     COMPRA

Copyright 2025 ESPOL. Todos los derechos reservados.